El hombre como persona y como ser colectivo / (Record no. 169080)

MARC details
000 -LEADER
campo de control de longitud fija 01026nam a2200265 i 4500
001 - NÚMERO DE CONTROL
campo de control 169080
003 - IDENTIFICADOR DE NÚMERO DE CONTROL
campo de control ES-MaACL
005 - FECHA Y HORA DE LA ÚLTIMA TRANSACCIÓN
campo de control 20250812062535.0
008 - DATOS DE LONGITUD FIJA--INFORMACIÓN GENERAL
campo de control de longitud fija 080807s1954 sp f |||| | spa d
080 ## - NÚMERO DE LA CLASIFICACIÓN DECIMAL UNIVERSAL
Número de la Clasificación Decimal Universal 301:282
100 1# - ENTRADA PRINCIPAL--NOMBRE DE PERSONA
Nombre de persona Schmaus, Michael.
9 (RLIN) 104445
245 13 - MENCIÓN DEL TÍTULO
Título El hombre como persona y como ser colectivo /
Mención de responsabilidad, etc. Michael Schmaus.
260 ## - PUBLICACIÓN, DISTRIBUCIÓN, ETC.
Lugar de publicación, distribución, etc. Madrid :
Nombre del editor, distribuidor, etc. Ateneo,
Fecha de publicación, distribución, etc. 1954.
300 ## - DESCRIPCIÓN FÍSICA
Extensión 30 p., [1] h. de lám. ;
Dimensiones 19 cm.
490 1# - MENCIÓN DE SERIE
Mención de serie Colección "O crece o muere" ;
Designación de volumen o secuencia 66
594 ## - Nota al título y mención de responsabilidad
Nota al título y mención de responsabilidad El original de este cuaderno fue dado a conocer por el autor en la campaña de colaboración cultural entre los Ateneos de España durante el curso 1953-4.
598 ## - NOTA LOCAL
Nota local Colección publ. por la Editora Nacional.
610 27 - PUNTO DE ACCESO ADICIONAL DE MATERIA--NOMBRE DE ENTIDAD CORPORATIVA
Nombre de entidad corporativa o nombre de jurisdicción como elemento de entrada Ateneo de Madrid-
Subdivisión de forma Conferencias-
Subdivisión cronológica 1940-1982.
9 (RLIN) 1908
650 07 - PUNTO DE ACCESO ADICIONAL DE MATERIA--TÉRMINO DE MATERIA
Término de materia o nombre geográfico como elemento de entrada Antropología teológica
Fuente del encabezamiento o término embne
9 (RLIN) 143894
830 00 - PUNTO DE ACCESO ADICIONAL DE SERIE-TÍTULO UNIFORME
Título uniforme Colección "O crece o muere"
Designación de volumen o secuencia 66
9 (RLIN) 183476
852 ## - LOCALIZACIÓN
Ubicación ES-MaACL
Número de control de estantería J-24(66)
852 ## - LOCALIZACIÓN
Ubicación ES-MaACL
Número de control de estantería J-25(66)
852 ## - LOCALIZACIÓN
Ubicación ES-MaACL
Número de control de estantería 1637-19
Holdings
Estatus retirado Estado de pérdida Estado de daño No para préstamo Colección Biblioteca de origen Biblioteca actual Ubicación en estantería Fecha de adquisición Fuente de adquisición Total de préstamos Signatura topográfica completa Código de barras Visto por última vez Precio de reemplazo Tipo de ítem Koha
        Colección de folletos Biblioteca del Ateneo de Madrid Biblioteca del Ateneo de Madrid Depósito folletos 22/11/2019     1637-F-19 1201271 23/02/2023 23/02/2023 Folleto
        Fondo Ateneo de Madrid Biblioteca del Ateneo de Madrid Biblioteca del Ateneo de Madrid Depósito 2 07/08/2008     J-24(66) 1177488 23/02/2023 23/02/2023 Libro impreso
        Fondo Ateneo de Madrid Biblioteca del Ateneo de Madrid Biblioteca del Ateneo de Madrid Depósito 2 07/08/2008     J-25(66) 1177489 23/02/2023 23/02/2023 Libro impreso